01327cam a2200337 a 45000010009000000050017000090080041000260100017000670200015000840250034000990370063001330400013001960420010002090430012002190500021002312450112002522600115003643000021004795000020005005200068005206500039005886510046006277000026006737000023006997000019007227100051007419060045007929420012008379990017008499520123008661429113120170105102920.0060308s2005 ii f001 0 eng  a 2006346303 a8170492483 aI-E-2006-346303; 63-91; 63-01 bLibrary of Congress -- New Delhi Overseas OfficecRs995.00 aDLCcDLC alcode aa-ii---00aDS444b.I45 200500aImportant documents on security and diplomacy /cedited by Arvind Gupta, Mukul Chaturvedi and Akshay Joshi. aNew Delhi :bManas Publications published in collaboration with National Security Council Secretariat,cc2005. a518 p. ;c25 cm. aInlcudes index. aSources on foreign relations, national security, and diplomacy. 0aNational securityzIndiavSources. 0aIndiaxForeign relationsy1984-vSources.1 aGupta, Arvind,d1953-1 aChaturvedi, Mukul.1 aJoshi, Akshay.1 aIndia.bNational Security Council Secretariat. a7bcbccorigoded3encipf20gy-gencatlg 2ddccBK c15552d15552 001040708NFICaCIPSbCIPScGENd2013-10-01l1o327.54 IMP 2005pCIPS0001311r2025-07-15s2025-07-09w2013-12-04yBK